Central Library OPAC University of Rajshahi

A text book of practical physics / (Record no. 52662)

MARC details
000 -LEADER
fixed length control field 00587nam a2200217 a 4500
001 - CONTROL NUMBER
control field 52662
003 - CONTROL NUMBER IDENTIFIER
rucl marc code BD-RjUL
005 - DATE AND TIME OF LATEST TRANSACTION
control field 20211209075836.0
008 - FIXED-LENGTH DATA ELEMENTS--GENERAL INFORMATION
fixed length control field 160925s1976 bg a 000 0 eng
035 ## - SYSTEM CONTROL NUMBER
System control number (BD-RjUL)52782
040 ## - CATALOGING SOURCE
Original cataloging agency DLC
Transcribing agency CarP
Modifying agency DLC
-- BD-RjUL
Language of cataloging eng
041 ## - LANGUAGE CODE
Language code of text/sound track or separate title eng
082 ## - DEWEY DECIMAL CLASSIFICATION NUMBER
Edition number 23
Classification number 530
Author mark and year KAT 1976
100 1# - MAIN ENTRY--PERSONAL NAME
Personal name Kalimuddin, Md.
9 (RLIN) 157488
245 12 - TITLE STATEMENT
Title A text book of practical physics /
Statement of responsibility, etc. Md. Kalimuddin
250 ## - EDITION STATEMENT
Edition statement [4th ed.]
260 ## - PUBLICATION, DISTRIBUTION, ETC. (IMPRINT)
Place of publication, distribution, etc. Dacca :
Name of publisher, distributor, etc. Begum Armansa,
Date of publication, distribution, etc. 1976
300 ## - PHYSICAL DESCRIPTION
Pagination xvi, 458 p. :
Illustrations ill. ;
Size 22 cm.
650 #0 - SUBJECT ADDED ENTRY--TOPICAL TERM
Topical term or geographic name as entry element Physics.
9 (RLIN) 157489
942 ## - ADDED ENTRY ELEMENTS (KOHA)
Source of classification or shelving scheme Dewey Decimal Classification
Koha item type Books
Holdings
Lost status Source of classification or shelving scheme Damaged status Not for loan Collection code Permanent Location Current Location Shelving location Date acquired Source of acquisition Cost, normal purchase price Total Checkouts Full call number Date last seen Copy number Koha item type
  Dewey Decimal Classification     Non-fiction Central Library, University of Rajshahi Central Library, University of Rajshahi   30/06/1981 Euro book agency, Rajshahi. 22.00   530 KAT 1976 25/09/2016 C-2 Books
  Dewey Decimal Classification     Non-fiction Central Library, University of Rajshahi Central Library, University of Rajshahi   30/06/1981 Eureka Book Agency, Rajshahi 22.00   530 KAT 1976 28/09/2016 C-3 Books